I doveri dell'uomo e del cittadino (Record no. 162692)

MARC details
000 -LEADER
campo de control de longitud fija 01102nam a22002655i 4500
001 - NÚMERO DE CONTROL
campo de control 162692
003 - IDENTIFICADOR DE NÚMERO DE CONTROL
campo de control ES-MaACL
005 - FECHA Y HORA DE LA ÚLTIMA TRANSACCIÓN
campo de control 20250907063124.0
008 - DATOS DE LONGITUD FIJA--INFORMACIÓN GENERAL
campo de control de longitud fija 050705s1761 it |||| | ita d
040 ## - FUENTE DE CATALOGACIÓN
Centro catalogador/agencia de origen CAM
Lengua de catalogación spa
Centro/agencia transcriptor CAM
100 1# - ENTRADA PRINCIPAL--NOMBRE DE PERSONA
Nombre de persona Pufendorf, Samuel,
Títulos y otros términos asociados al nombre Freiherr von,
Fechas asociadas al nombre 1632-1694
9 (RLIN) 131409
245 11 - MENCIÓN DEL TÍTULO
Título I doveri dell'uomo e del cittadino
Resto del título : tali che a lui dalla legge naturale sono prescritti /
Mención de responsabilidad, etc. di Samuele B. di Pufendorf; dalla versione francese di Giovanni Barbeyrac; tradotti e con molte aggiunte corretti ed illustrati da Michele Grandi ; tomo primo.
260 ## - PUBLICACIÓN, DISTRIBUCIÓN, ETC.
Lugar de publicación, distribución, etc. In Venezia :
Nombre del editor, distribuidor, etc. appresso Francesco Pitteri,
Fecha de publicación, distribución, etc. 1761.
300 ## - DESCRIPCIÓN FÍSICA
Extensión XXII, [2], 380 p. ;
Dimensiones 4º.
597 ## - NOTA DE DESCRIPCIÓN FÍSICA
NOTA DE DESCRIPCIÓN FÍSICA Sign.: [*]-3*4, A-2Z4, 3A6.
597 ## - NOTA DE DESCRIPCIÓN FÍSICA
NOTA DE DESCRIPCIÓN FÍSICA Texto a dos col.
597 ## - NOTA DE DESCRIPCIÓN FÍSICA
NOTA DE DESCRIPCIÓN FÍSICA Antep.
597 ## - NOTA DE DESCRIPCIÓN FÍSICA
NOTA DE DESCRIPCIÓN FÍSICA Port. con grab. xil. alegórico.
650 #7 - PUNTO DE ACCESO ADICIONAL DE MATERIA--TÉRMINO DE MATERIA
Término de materia o nombre geográfico como elemento de entrada Derecho natural
Fuente del encabezamiento o término embne
9 (RLIN) 11744
700 1# - ENTRADA AGREGADA--NOMBRE PERSONAL
Nombre de persona Barbeyrac, Jean.
9 (RLIN) 125802
700 1# - ENTRADA AGREGADA--NOMBRE PERSONAL
Nombre de persona Brandi, Michele.
9 (RLIN) 126145
852 ## - LOCALIZACIÓN
Ubicación ES-MaACL
Número de control de estantería R-1119-21
Nota libre -- Enc. perg. con cierres de cuero
Encuadernación -- Olim: G-9961-3
Holdings
Estatus retirado Estado de pérdida Estado de daño No para préstamo Colección Biblioteca de origen Biblioteca actual Ubicación en estantería Fecha de adquisición Total de préstamos Signatura topográfica completa Código de barras Visto por última vez Precio de reemplazo Tipo de ítem Koha
        Libros del s. XVIII Biblioteca del Ateneo de Madrid Biblioteca del Ateneo de Madrid Depósito 17/01/2008   R-1119-21 1170447 23/02/2023 23/02/2023 Libro impreso antiguo